Alliterative People - Statistics

General Stats
  • This quiz has been taken 40 times
  • The average score is 8 of 12
Answer Stats
Hint Answer % Correct
Greatest silent movie star ever? Charlie Chaplin
92%
1980s US President? Ronald Reagan
90%
Lead singer of Black Sabbath? Ozzy Osbourne
79%
Spanish painter developed cubism? Pablo Picasso
79%
Played Hawkeye in M*A*S*H*? Alan Alda
74%
Oldest son of Martin Sheen? Emilio Estevez
74%
Voice of Shrek? Mike Myers
72%
Author of Ulysses? James Joyce
69%
Author of Robinson Crusoe? Daniel Defoe
59%
Singer born Annie-Mae Bullock? Tina Turner
54%
Sent off in 2006 World Cup Final? Zinedine Zidane
49%
Won 8 Tennis Grand Slams? Andre Agassi
44%
No matching quizzes found
Score Distribution
Percent of People with Each Score
Percentile by Number Answered
Your Score History
You have not taken this quiz